00361nam a2200121Ia 45000010005000000080041000050820020000461000023000662450072000892600036001619010027001979990015002241781241024s9999 xx 000 0 und d aRD/863.44/C117d aJoe Manuel Cabrera 0aDesesperanzas y Esperanzas. Historia de Vida de Jóvenes de Najayo bUNESCO. Gráfica Williamc2003 a27/9/2011 9:01:34 a.m. c7826d7826